LEADER 01401nam a2200301 i 4500 001 000000247506 003 CaOOAMICUS 005 20160118000000.0 008 160118s1999 it u000 u ita u 013 $a226411 020 $a88-459-1441-0 040 $aSeMil$bita 100 1 $aWeil, Simone,$d<1909-1943>.$0(OLS)http://semarc/name/8684 245 10$aLezioni di filosofia :$b1933-1934 /$cSimone Weil ; raccolte da Anne Reynaud-Guérithault ; a cura di Maria Concetta Sala ; con una nota di Giancarlo Gaeta. 260 $aMilano :$bAdelphi,$c1999. 300 $a339 p. ;$c18 cm. 490 0 $aPiccola Biblioteca Adelphi ;$v427. 650 4$aWeil, Simone <1909-1943> - Pensiero filosofico.$0(OLS)http://semarc/subject/26669 700 1 $aGaeta, Giancarlo,$d<1942- >.$0(OLS)http://semarc/name/8707 700 1 $aSala, Maria Concetta.$0(OLS)http://semarc/name/70645 700 1 $aReynaud-Guérithault, Anne.$0(OLS)http://semarc/name/82901 830 0$aPiccola biblioteca Adelphi ;$v427.$0(OLS)http://semarc/title/7074 850 $aSeMil 852 $aSeMil$W1$xVenegono$y1$m2P I 467$j197852$B197852$CSeMilBibl$Z2$F209149 $81 961 $aLascito: Milani don Felice 996 $6020$a88-459-1441-0$9(OLS)http://semarc/number/256857 996 $6245$aLezioni di filosofia :$b1933-1934$9(OLS)http://semarc/title/349496 996 $6260$aMilano :$bAdelphi$9(OLS)http://semarc/publisher/30018 LEADER 01252nam a2200277 i 4500 001 000000069027 003 CaOOAMICUS 005 20100818000000.0 008 100818s1988 it u000 u ita u 013 $a40199 020 $a88-213-0160-5 040 $aSeMil$bita 100 1 $aCastellazzi, Vittorio Luigi,$d<1936- >.$0(OLS)http://semarc/name/34503 245 13$aLe nevrosi :$bpsicopatologia dell'infanzia e dell'adolescenza /$cVittorio Luigi Castellazzi. 260 $aRoma :$bLAS,$c1988. 300 $a156 p. ;$c24 cm. 490 0 $aEnciclopedia delle scienze dell'educazione ;$v39 650 4$aPsicopatie - Infanzia.$0(OLS)http://semarc/subject/13694 650 4$aPsicopatie - Adolescenza.$0(OLS)http://semarc/subject/13692 650 4$aNeurosi - Infanzia.$0(OLS)http://semarc/subject/13695 830 0$aEnciclopedia delle scienze dell'educazione ;$v39.$0(OLS)http://semarc/title/7575 850 $aSeMil 852 $aSeMil$W1$xVenegono$y1$m2O IV 337$j35180$B35180$CSeMilBibl$Z2$F35183 $81 996 $6020$a88-213-0160-5$9(OLS)http://semarc/number/47326 996 $6245$aLe nevrosi :$bpsicopatologia dell'infanzia e dell'adolescenza$9(OLS)http://semarc/title/110476 996 $6260$aRoma :$bLAS$9(OLS)http://semarc/publisher/29900